| 000 | 01130nam a22002657a 4500 | ||
|---|---|---|---|
| 005 | 20170124102927.0 | ||
| 010 | _aA-885665 | ||
| 020 | _c100.00 | ||
| 035 | _aA-885665 | ||
| 037 | _bCen Lib/Ret | ||
| 040 |
_aDPL _bHN |
||
| 082 |
_a820.08 _bरांग्रा |
||
| 100 |
_aरांग्रा ,रणवीर _943920 |
||
| 245 |
_aभारतीय लेखिकाओं साक्षात्कार / _cरणवीर रांग्रा |
||
| 246 |
_abhartiya lekhikaon se saakshatkaar _bby Ranveer Rangra |
||
| 260 |
_aदिल्ली _bजगतराम एंड संस _c1997 |
||
| 270 |
_aix,221 मैं रोड गाँधी नगर _b दिल्ली _e110031 |
||
| 300 |
_a136पृष्ठ. : _c20सेमी(सजिल्द) _bचित्र. |
||
| 650 |
_aहिंदी साहित्य _943921 |
||
| 650 |
_aसाहित्यिक- साक्षात्कार _976 |
||
| 650 |
_ahindi literature _943922 |
||
| 650 |
_aSahityik- Interview _943923 |
||
| 700 | _99690 | ||
| 942 |
_2ddc _cHN _h820.08 _mरांग्रा |
||
| 999 |
_c111651 _d111651 |
||